| 000 | 00364nam a22001337a 4500 | ||
|---|---|---|---|
| 020 | _a81-219-2594-0 | ||
| 082 |
_a624.17 _bRAJ/ST |
||
| 100 |
_aRAJPUT,R K _980 |
||
| 245 | _aStrenth of Materials- (Mechanics of Solids): SI Units | ||
| 250 | _a5 | ||
| 260 |
_aNew Delhi _bS Chand & Company Ltd _c2014 |
||
| 300 |
_a1448 _bMulticolour illustration edition |
||
| 942 | _cBK | ||
| 999 |
_c14027 _d14027 |
||